00596nam a2200169Ia 4500008004100000041000800041082001600049100001600065245005300081260003500134300001500169365001200184650002200196906004100218999001900259952014800278210719s2003 xx 000 0 und d aeng a547.02 FINP aFINAR (I L) aProblems and their solution inorganic chemistry. aDelhibPearson Educationc2003 avi,359bPB b225cRs aOrganic Chemistry aOrganic chemistry problems solutions c213788d213788 001040708ChemistryaALbALd2004-01-27eSchool Book Company, Mangalore.g225.00l0o547.02 FINPpD02341r2021-07-19 00:00:00w2021-07-19yDB